000 00452nam a22001697a 4500
003 OSt
008 250227b |||||||| |||| 00| 0 eng d
020 _a9788197978562
100 _aAJAY
245 _aComputing Beyond Boundaries: Unconventional Topics In Computer Science
260 _aNew Delhi
_bNaples Indian
_c2024.
300 _a308p.
650 _aFaculty Publication
700 _aAnkita
700 _aMamta Goyal
942 _2ddc
_cBK
999 _c13165
_d13165